Zájmové skupiny v odvětví výroby nábytku v České republice v kontextu společenské odpovědnosti firem

Spoločenská zodpovednosť firiem predstavuje princípy zodpovedného podnikania. Je to dobrovoľný záväzok firiem chovať sa zodpovedne vo všetkých ohľadoch podnikania. Príspevok analyzuje vybrané zainteresované strany v odvetví výroby nábytku a hodnotí možnosti spolupráce týchto záujmových skupín s podn...

Descripción completa

Guardado en:
Detalles Bibliográficos
Autor principal: Špačková, Lucie
Formato: Capítulo de libro
Lenguaje:checo
Materias:
Etiquetas: Agregar Etiqueta
Sin Etiquetas, Sea el primero en etiquetar este registro!

MARC

LEADER 00000nla$a2200000$$$4500
001 0115110
005 20221107085109.6
041 0 |a cze 
044 |a SK 
245 1 0 |a Zájmové skupiny v odvětví výroby nábytku v České republice v kontextu společenské odpovědnosti firem  |c Lucie Špačková 
520 |a Spoločenská zodpovednosť firiem predstavuje princípy zodpovedného podnikania. Je to dobrovoľný záväzok firiem chovať sa zodpovedne vo všetkých ohľadoch podnikania. Príspevok analyzuje vybrané zainteresované strany v odvetví výroby nábytku a hodnotí možnosti spolupráce týchto záujmových skupín s podnikmi. Konkrétne ide o dodávateľov, zákazníkov, konkurenciu. 
610 2 0 |a priemysel drevársky 
610 2 0 |a Česko 
610 2 0 |a firmy 
610 2 0 |a zodpovednosť spoločenská 
610 2 0 |a podnikanie zodpovedné 
100 1 |a Špačková, Lucie